<?xml version="1.0" encoding="UTF-8"?>
<record
    xmlns:xsi="http://www.w3.org/2001/XMLSchema-instance"
    xsi:schemaLocation="http://www.loc.gov/MARC21/slim http://www.loc.gov/standards/marcxml/schema/MARC21slim.xsd"
    xmlns="http://www.loc.gov/MARC21/slim">

  <leader>01072nam a22002777a 4500</leader>
  <controlfield tag="005">20170123162307.0</controlfield>
  <datafield tag="010" ind1=" " ind2=" ">
    <subfield code="a">B-105963</subfield>
  </datafield>
  <datafield tag="020" ind1=" " ind2=" ">
    <subfield code="c">150.00</subfield>
  </datafield>
  <datafield tag="035" ind1=" " ind2=" ">
    <subfield code="a">B-105963</subfield>
  </datafield>
  <datafield tag="037" ind1=" " ind2=" ">
    <subfield code="b">Cen Lib/Ret</subfield>
  </datafield>
  <datafield tag="040" ind1=" " ind2=" ">
    <subfield code="a">DPL</subfield>
    <subfield code="b">UR</subfield>
  </datafield>
  <datafield tag="082" ind1=" " ind2=" ">
    <subfield code="a">921</subfield>
    <subfield code="b">&#x645; &#x62D; &#x645;</subfield>
  </datafield>
  <datafield tag="100" ind1=" " ind2=" ">
    <subfield code="a">&#x645;&#x648;&#x62D;&#x645;&#x62F; &#x636;&#x645;&#x646; &#x62D;&#x633;&#x6CC;&#x646;&#x6CC; </subfield>
    <subfield code="9">109505</subfield>
  </datafield>
  <datafield tag="245" ind1=" " ind2=" ">
    <subfield code="a">&#x634;&#x6CC;&#x631;&#x6CC;&#x6BA; &#x628;&#x6CC;&#x627;&#x646; &#x645;&#x641;&#x633;&#x633;&#x631;&#x6D2; &#x642;&#x631;&#x622;&#x646; /</subfield>
    <subfield code="c">&#x645;&#x648;&#x62D;&#x645;&#x62F; &#x636;&#x645;&#x646; &#x62D;&#x633;&#x6CC;&#x646;&#x6CC;  &#x645;&#x631;&#x62A;&#x628;&#x6CC;&#x646; &#x645;&#x648;&#x62D;&#x645;&#x62F; &#x627;&#x641;&#x62A;&#x62E;&#x627;&#x631; &#x627;&#x62D;&#x645;&#x62F; [&#x627;&#x648;&#x631;] &#x62E;&#x627;&#x644;&#x62F;&#x6C1; &#x62D;&#x633;&#x6CC;&#x646;&#x6CC; </subfield>
  </datafield>
  <datafield tag="246" ind1=" " ind2=" ">
    <subfield code="a">Shririn bayan , mufassir-e-quran /</subfield>
    <subfield code="b">by Md. Zaman Husaini ; compiled by Md. Iftekhar Ahmad [and] khalida Husaini</subfield>
  </datafield>
  <datafield tag="260" ind1=" " ind2=" ">
    <subfield code="a">&#x6A9;&#x644;&#x6A9;&#x62A;&#x6C1; </subfield>
    <subfield code="b">&#x6AF;&#x644;&#x633;&#x62A;&#x627;&#x646; &#x67E;&#x628;&#x644;&#x6A9;&#x634;&#x627;&#x646;&#x633; </subfield>
    <subfield code="c">2004</subfield>
  </datafield>
  <datafield tag="270" ind1=" " ind2=" ">
    <subfield code="b">&#x6A9;&#x644;&#x6A9;&#x62A;&#x6C1; </subfield>
    <subfield code="a"> </subfield>
  </datafield>
  <datafield tag="300" ind1=" " ind2=" ">
    <subfield code="a">422p.</subfield>
    <subfield code="c">21cm(Hb)</subfield>
  </datafield>
  <datafield tag="650" ind1=" " ind2=" ">
    <subfield code="a">&#x627;&#x62F;&#x628; -- &#x627;&#x631;&#x62F;&#x648; </subfield>
    <subfield code="9">111277</subfield>
  </datafield>
  <datafield tag="650" ind1=" " ind2=" ">
    <subfield code="a">&#x627;&#x631;&#x62F;&#x648; --  &#x633;&#x648;&#x627;&#x646;&#x62D; &#x639;&#x645;&#x631;&#x6CC;      </subfield>
    <subfield code="9">111278</subfield>
  </datafield>
  <datafield tag="650" ind1=" " ind2=" ">
    <subfield code="a">Literature -- urdu</subfield>
    <subfield code="9">111279</subfield>
  </datafield>
  <datafield tag="650" ind1=" " ind2=" ">
    <subfield code="a">Urdu -- biography </subfield>
    <subfield code="9">511</subfield>
  </datafield>
  <datafield tag="700" ind1=" " ind2=" ">
    <subfield code="a">&#x645;&#x648;&#x62D;&#x645;&#x62F; &#x627;&#x641;&#x62A;&#x62E;&#x627;&#x631; &#x627;&#x62D;&#x645;&#x62F; </subfield>
    <subfield code="9">109634</subfield>
  </datafield>
  <datafield tag="700" ind1=" " ind2=" ">
    <subfield code="a">&#x62E;&#x627;&#x644;&#x62F;&#x6C1; &#x62D;&#x633;&#x6CC;&#x646;&#x6CC;</subfield>
    <subfield code="9">433</subfield>
  </datafield>
  <datafield tag="942" ind1=" " ind2=" ">
    <subfield code="2">ddc</subfield>
    <subfield code="c">UR</subfield>
    <subfield code="h">921</subfield>
    <subfield code="m">&#x645; &#x62D; &#x645;</subfield>
  </datafield>
  <datafield tag="999" ind1=" " ind2=" ">
    <subfield code="c">106396</subfield>
    <subfield code="d">106396</subfield>
  </datafield>
  <datafield tag="952" ind1=" " ind2=" ">
    <subfield code="0">0</subfield>
    <subfield code="1">0</subfield>
    <subfield code="4">0</subfield>
    <subfield code="7">0</subfield>
    <subfield code="a">L</subfield>
    <subfield code="b">L</subfield>
    <subfield code="d">2015-12-19</subfield>
    <subfield code="e">Cen Lib/Ret</subfield>
    <subfield code="g">150.00</subfield>
    <subfield code="l">1</subfield>
    <subfield code="o">921 &#x645; &#x62D; &#x645;</subfield>
    <subfield code="p">B-105963</subfield>
    <subfield code="r">2019-07-31 00:00:00</subfield>
    <subfield code="s">2019-07-17</subfield>
    <subfield code="t">1</subfield>
    <subfield code="v">150.00</subfield>
    <subfield code="w">2015-12-19</subfield>
    <subfield code="y">UR</subfield>
  </datafield>
</record>
